Welcome to CU Library Online Public Access Catalogue (OPAC)

The compact guide to world religions / (Record no. 7327)

MARC details
000 -LEADER
fixed length control field 00614cam a2200205 a 4500
001 - CONTROL NUMBER
control field 1160832
005 - DATE AND TIME OF LATEST TRANSACTION
control field 20250821144105.0
008 - FIXED-LENGTH DATA ELEMENTS--GENERAL INFORMATION
fixed length control field 960117s1996 mnu b 001 0 eng
020 ## - INTERNATIONAL STANDARD BOOK NUMBER
International Standard Book Number 1556617046
Qualifying information pbk.
020 ## - INTERNATIONAL STANDARD BOOK NUMBER
International Standard Book Number 9781556617041
Qualifying information (pbk.)
050 00 - LIBRARY OF CONGRESS CALL NUMBER
Classification number BL87
Item number .C66 1996
082 00 - DEWEY DECIMAL CLASSIFICATION NUMBER
Classification number 291
Edition information 20
245 04 - TITLE STATEMENT
Title The compact guide to world religions /
Statement of responsibility, etc. Dean Halverson, general editor.
260 ## - PUBLICATION, DISTRIBUTION, ETC.
Place of publication, distribution, etc. Minneapolis, Minn. :
Name of publisher, distributor, etc. Bethany House Publishers,
Date of publication, distribution, etc. c1996.
300 ## - PHYSICAL DESCRIPTION
Extent 272 p. ;
Dimensions 22 cm.
650 #0 - SUBJECT ADDED ENTRY--TOPICAL TERM
Topical term or geographic name entry element Religions.
650 #0 - SUBJECT ADDED ENTRY--TOPICAL TERM
Topical term or geographic name entry element Christianity and other religions.
700 1# - ADDED ENTRY--PERSONAL NAME
Personal name Halverson, Dean C.
942 ## - ADDED ENTRY ELEMENTS (KOHA)
Source of classification or shelving scheme Library of Congress Classification
Koha item type Books
Suppress in OPAC No
999 ## -
-- 7327
-- 7327
Holdings
Withdrawn status Lost status Source of classification or shelving scheme Damaged status Not for loan Collection Home library Current library Shelving location Date acquired Total checkouts Full call number Barcode Date last seen Copy number Price effective from Koha item type
    Library of Congress Classification     Non-fiction Undergraduate Library (Christ Temple) Undergraduate Library (Christ Temple) General stacks 08/21/2025   BL 87.C66 ulct00004409 08/21/2025 1 08/21/2025 Books
© 2023-2024 Copyright: Central University Libraries. All Rights Reserved | Created by: Mahone Tech Office